| 000 | 00573nam a2200193 a 4500 | ||
|---|---|---|---|
| 001 | 000018881 | ||
| 005 | 20200929165856.0 | ||
| 008 | 100520s1996 mx r 000 p spa d | ||
| 020 | _a9682987717 | ||
| 040 |
_aDO-SdBNP _bspa _cBNPHU |
||
| 082 |
_aCH861.44 _bL227d |
||
| 100 | 1 |
_aLihn, Enrique, _d1929-1988 _940660 |
|
| 245 | 1 | 0 |
_aDiariod de muerte / _cEnrique Lihn. |
| 260 |
_aMéxico D. F. : _bConsejo Nacional Para la Cultura y las Artes, _c1996. |
||
| 300 |
_a74 p. ; _c21 cm. |
||
| 650 | 4 |
_aPoesía chilena _99166 |
|
| 650 | 4 |
_aLiteratura chilena _93164 |
|
| 049 | _aBNGR | ||
| 999 |
_c18399 _d18399 |
||